000 00333nam a22001337a 4500
020 _qPB.
040 _cFIZZA ISHAQ
082 _a155
_bLAU
100 _aBERK,E.LAURA.
_9132167
245 _aEXPLORING LIFESPAND DEVELOPMENT /
_cLAURA E.BERK.
260 _aNEW YORK;
_bPEARSON,
_c2008.
300 _a519 P. ;
_c11X9IN
942 _2ddc
_cBK
999 _c615438
_d615438